000 00721nam a22002177a 4500
999 _c14901
_d14901
003 AR-CdUCM
008 190425b ||||| |||| 00| 0 spa d
020 _a978-84-9825-964-3
040 _aMUNICIPALIDAD PROVINCIAL DEL CUSCO
_cBIBLIOTECA MUNICIPAL DEL CUSCO
082 _aPI / 376.1 /
_bM58
110 _aMilan
_933865
245 _aEl transporte al dedillo /
260 _aBarcelona :
_bCombel,
_c2015..
300 _a12 paginas ;
_bIlustraciones plegables,
_c28 cm.
650 _aLos medios de transporte
_933866
650 _aAprende sobre la seguridad
_933867
650 _aAprende jugando a los medios de transporte
_933868
650 _aNiƱos (as)
_933869
942 _2ddc
_cLIBROS
945 _awnts
_d2019-04-25